=LDR 00000nam 2200000 4500 =001 INLIS000000000029772 =005 20130612131958 =008 ***********************************Ind** =035 ##$$0010-061300000029772 =041 ##$$a Ind =082 ##$$a 651.5 =090 ##$$a 651.5, Wid k =100 ##$$a Widyana, Lendy =245 ##$$a Knowledge management, meningkatkan daya saing bisnis, Lendy Widayana =260 ##$$a 2005 $b Malang =300 ##$$a x, 124 hlm, ilus, 21 cm =650 ##$$a Manajemen Arsip =850 ##$$a NBPNMAT